|
|
|
|
| LEADER |
02464nam a2200637 a 4500 |
| 001 |
nkc20152663427 |
| 003 |
CZ PrNK |
| 005 |
20150514070542.0 |
| 007 |
ta |
| 008 |
150303s2015 xr a e c 000 0dcze |
| 020 |
|
|
|a 978-80-87149-88-1
|q (brož.)
|
| 040 |
|
|
|a ABA001
|b cze
|
| 043 |
|
|
|a e-hu---
|a e-fr---
|a e-xr---
|b e-xr-ol
|2 czenas
|
| 045 |
|
|
|a x5x8
|
| 072 |
|
7 |
|a 72/76
|x Výtvarné umění
|2 Konspekt
|9 21
|
| 080 |
|
|
|a 72/76(439)
|2 MRF
|
| 080 |
|
|
|a 7.038.3
|2 MRF
|
| 080 |
|
|
|a 72/76:069.41
|2 MRF
|
| 080 |
|
|
|a (439)
|2 MRF
|
| 080 |
|
|
|a (44)
|2 MRF
|
| 080 |
|
|
|a (437.325)
|2 MRF
|
| 080 |
|
|
|a (083.824)
|2 MRF
|
| 100 |
1 |
|
|a Vasarely, Victor,
|d 1906-1997
|7 jn19990216179
|4 art
|
| 245 |
1 |
0 |
|a Victor Vasarely :
|b [nová akvizice] : pohledy do sbírek Muzea umění Olomouc : [Muzeum umění Olomouc - Muzeum moderního umění, 29. ledna 2015 - 17. května 2015 /
|c texty Gina Renotière]
|
| 246 |
3 |
|
|a Victor Vasarely - Nová akvizice
|
| 246 |
3 |
0 |
|a Nová akvizice
|
| 246 |
3 |
0 |
|a Pohledy do sbírek Muzea umění Olomouc
|
| 250 |
|
|
|a 1. vyd.
|
| 260 |
|
|
|a Olomouc :
|b Muzeum umění Olomouc,
|c 2015
|
| 300 |
|
|
|a 25 s. :
|b barev. il. ;
|c 20 cm
|
| 500 |
|
|
|a Název z obálky
|
| 500 |
|
|
|a Životopisná data
|
| 500 |
|
|
|a Chronologické přehledy
|
| 600 |
1 |
7 |
|a Vasarely, Victor,
|d 1906-1997
|7 jn19990216179
|2 czenas
|
| 610 |
2 |
7 |
|a Muzeum umění (Olomouc, Česko)
|7 kn20010709457
|2 czenas
|
| 648 |
|
7 |
|a 1951-1980
|7 ch969087
|2 czenas
|
| 648 |
|
7 |
|a 20. století
|7 ch460558
|2 czenas
|
| 650 |
0 |
7 |
|a maďarské výtvarné umění
|7 ph122714
|y 20. století
|2 czenas
|
| 650 |
0 |
7 |
|a op art
|7 ph436864
|z Maďarsko
|2 czenas
|
| 650 |
0 |
7 |
|a op art
|7 ph436864
|z Francie
|2 czenas
|
| 650 |
0 |
7 |
|a doplňování uměleckých sbírek
|7 ph628993
|z Česko
|2 czenas
|
| 650 |
0 |
9 |
|a Hungarian art
|y 20th century
|2 eczenas
|
| 650 |
0 |
9 |
|a op art
|z Hungary
|2 eczenas
|
| 650 |
0 |
9 |
|a op art
|z France
|2 eczenas
|
| 650 |
0 |
9 |
|a art collections acquisitions
|z Czechia
|2 eczenas
|
| 651 |
|
7 |
|a Olomouc (Česko)
|7 ge130299
|2 czenas
|
| 651 |
|
9 |
|a Olomouc (Czechia)
|2 eczenas
|
| 655 |
|
7 |
|a katalogy výstav
|7 fd132536
|2 czenas
|
| 655 |
|
9 |
|a exhibition catalogs
|2 eczenas
|
| 700 |
1 |
|
|a Renotière, Gina,
|d 1966-
|7 mzk2006331669
|4 wfw
|
| 710 |
2 |
|
|a Muzeum moderního umění (Olomouc, Česko)
|7 mzk2007378425
|
| 910 |
2 |
|
|a BOA001
|b 1-1344.589
|
| 990 |
|
|
|a BK
|
| 995 |
|
|
|a 11
|
| 991 |
|
|
|b 201505
|c NOV
|e n
|
| 996 |
6 |
|
|b 2610629774
|c 1-1344.589
|l MZK
|r Sklad / do 1 hodiny
|n 3
|p p.v.
|w 001501342
|u 000010
|a 1
|e BOA001
|j MZK50
|s P
|